<?xml version="1.0" encoding="UTF-8"?>
<record
    xmlns:xsi="http://www.w3.org/2001/XMLSchema-instance"
    xsi:schemaLocation="http://www.loc.gov/MARC21/slim http://www.loc.gov/standards/marcxml/schema/MARC21slim.xsd"
    xmlns="http://www.loc.gov/MARC21/slim">

  <leader>01044nam a22001937a 4500</leader>
  <controlfield tag="003">OSt</controlfield>
  <controlfield tag="005">20241111090427.0</controlfield>
  <controlfield tag="008">241106s2023    ag ||||| |||| 00| 0 spa d</controlfield>
  <datafield tag="020" ind1=" " ind2=" ">
    <subfield code="a">9789874479044</subfield>
  </datafield>
  <datafield tag="040" ind1=" " ind2=" ">
    <subfield code="c">besoc</subfield>
  </datafield>
  <datafield tag="100" ind1="1" ind2=" ">
    <subfield code="a">Hobsbawm, Eric J.,</subfield>
    <subfield code="q">(Eric John), </subfield>
    <subfield code="d">1917-2012</subfield>
  </datafield>
  <datafield tag="245" ind1="1" ind2="3">
    <subfield code="a">La era de la Revoluci&#xF3;n :</subfield>
    <subfield code="b">1798-1848 /</subfield>
    <subfield code="c">Eric Hobsbawm ; traducci&#xF3;n de Felipe Xim&#xE9;nez de Sandoval</subfield>
  </datafield>
  <datafield tag="250" ind1=" " ind2=" ">
    <subfield code="a">1a ed. 2a reimp.</subfield>
  </datafield>
  <datafield tag="260" ind1=" " ind2=" ">
    <subfield code="a">Buenos Aires :</subfield>
    <subfield code="b">Cr&#xED;tica,</subfield>
    <subfield code="c">2023</subfield>
  </datafield>
  <datafield tag="300" ind1=" " ind2=" ">
    <subfield code="a">340 p.</subfield>
  </datafield>
  <datafield tag="505" ind1=" " ind2=" ">
    <subfield code="a">Primera parte. Evoluciones: 1. El mundo en 1780-1790 -- 2. La Revoluci&#xF3;n industrial -- 3. La Revoluci&#xF3;n francesa -- 4. La guerra -- 5. La paz -- 6. Las revoluciones -- 7. El nacionalismo -- Segunda parte. Consecuencias: 8. La tierra -- 9. Hacia un mundo industrial -- 10. La carrera abierta hacia el talento -- 11. El trabajador pobre -- 12. Ideolog&#xED;a religiosa -- 13. Ideolog&#xED;a secular  -- 14. Las artes -- 15. La ciencia -- 16. Conclusi&#xF3;n: hacia 1848 -- Mapas.-</subfield>
  </datafield>
  <datafield tag="650" ind1=" " ind2="4">
    <subfield code="a">Historia</subfield>
    <subfield code="y">Siglo XVIII</subfield>
    <subfield code="y">Siglo XIX</subfield>
  </datafield>
  <datafield tag="942" ind1=" " ind2=" ">
    <subfield code="2">udc</subfield>
    <subfield code="c">LPD</subfield>
    <subfield code="n">0</subfield>
  </datafield>
  <datafield tag="999" ind1=" " ind2=" ">
    <subfield code="c">371</subfield>
    <subfield code="d">371</subfield>
  </datafield>
  <datafield tag="952" ind1=" " ind2=" ">
    <subfield code="0">0</subfield>
    <subfield code="1">0</subfield>
    <subfield code="2">udc</subfield>
    <subfield code="4">0</subfield>
    <subfield code="7">0</subfield>
    <subfield code="8">CG</subfield>
    <subfield code="a">ESOCIALES</subfield>
    <subfield code="b">ESOCIALES</subfield>
    <subfield code="d">2024-11-06</subfield>
    <subfield code="l">0</subfield>
    <subfield code="o">94(100)"1789/1848" H684</subfield>
    <subfield code="p">001272</subfield>
    <subfield code="r">2024-11-06 00:00:00</subfield>
    <subfield code="w">2024-11-06</subfield>
    <subfield code="y">LPD</subfield>
  </datafield>
</record>
